00000000nam##2200000za#4500
0019.663915
003CaOODSP
00520210615121308
007ta
008150407|2002||||xxc|||||     f|0| 0 eng|d
020 |z0-662-66735-2
040 |aCaOODSP|beng
041 |aeng
041 |afre
043 |an-cn---
0861 |aSW21-97/2002
1101 |aCanada. |bStatus of Women Canada.
24510|aCanadian experience in gender mainstreaming
260 |aOttawa - Ontario : |bStatus of Women Canada |c2002.
300 |aEnglish text, iii, 30p. ; |c28 cm.
5203 |aThis paper outlines the Government of Canada’s experience with gender mainstreaming, that is, making policy decisions based on analyses of the effects on men and women respectively. The paper examines the policy environment and institutional infrastructure necessary for gender-based analysis (GBA); discusses guidelines and tools developed by government organizations to assist with GBA; notes partnerships with non-governmental organizations; presents case studies of the application of GBA for two issues; and looks at challenges and future directions.
563 |aSoftcover
590 |a05-38|b2005-09-23
69007|aGender discrimination|2gcpds
69007|aGender equality|2gcpds
69007|aGovernment policy|2gcpds
69007|aSocial policy|2gcpds
7760#|tL'integration des considérations liées à l'égalité des sexes au Canada |w(CaOODSP)9.630789
7760#|tCanadian experience in gender mainstreaming |w(CaOODSP)9.686313
792 |tL'integration des considérations liées à l'égalité des sexes au Canada |efre|w(CaOODSP)9.663916